000 00451nam a22001577u 4500
008 130405s1970 xxu||||| |||| 00| 0 fre d
041 _afre
100 1 _aDambricourt, G.
_919912
245 0 0 _aL'initiation chretienne selon saint Marc
_cG. Dambricourt
260 _aParis:
_bApostolat des Editions,
_c1970
300 _a167 p.
_c;18 cm.
490 0 _aThèmes Bibliques
_v4
630 0 4 _aBiblia
_pN.T.
_pEvangelios
_913405
942 _cBK
001 34500
999 _c239500
_d239500